00886nam a2200253Ia 450000500170000000800270001702000180004408200170006210000300007924500540010925000170016330000180018049000870019850000550028560000620034065000330040294200120043526400470044733600270049433700330052133800280055404000350058299900150061720220317000324.0141031s9999 ck 000 0 spa d a978958837559504a070.44bA96q1 aAyola Escallón, Claudia14aQue me cojan confesada cClaudia Ayola Escallón a1a edición a127 páginas aColección voces del fuegovTestigos del bicentenario. Sexo y sociedad ;volumen 4 aIncluye datos biográficos del autor en la solapa14aAyola Escallón, ClaudiaxColecciones de escritos918866142LEMBaCrónicas colombianas 2ddccBK aCartagena de IndiasbPluma de Mompoxc2011 atextobtxt2rdacontent asin mediaciónbn2rdamedia avolumenbnc2rdacarrier aCO-BoRNBPbspaerdacCO-BoRNBP c3722d3722